Oeuvre de Stephen king par indices assez subtil - Statistiques

Statistiques générales
  • Ce quiz a été pris 67 fois
  • Le résultat moyen est 6 sur 10
Statistiques - réponses
Indices Oeuvres % Correct
Règle numéro 1 : ne pas écouter le vilain monsieur dans Les égouts Ça
100%
Un hôtel dont les motifs de la moquette Restent encore en mémoire de plus d'une Génération Shining
93%
Entre le fanatisme religieux de sa mère, le Harcèlement incessant de ses camarades De classe elle n'a pas le temps de respirer Carrie
89%
Saint Bernard... (Franchement c'est cadeau ) Cujo
80%
Idolâtrer quelqu'un C'est une chose ... Séquestrer celui ci en lui demandant de Modifier sa plus grande oeuvre juste pour ses Beaux yeux avec comme enjeux sa vie ... En est une Tout autre Misery
73%
Moi en général quand je cherche un job étudiant je Me retrouve rarement confronté à une histoire de Meurtres en série lié a l'esprit d'un train fantôme Joyland
45%
Il a fallut qu'il lui dise qu'il a peur du noirPour que corps et âme soit investi Afin de prouver son innocence La ligne verte
36%
- c'est quoi ta marque de surveillance dans ta maison a Toi ? - moi j'utilise le crâne du dragon que mon mari a buté le matin Même Les yeux du dragon
33%
La satisfaction morbide peut pousser les Plus jeunes à risquer leurs vies inutilement Le corps
20%
Si j'avais su que je me ferais embarquer par la mort Incarné dans sa propre voiture ... Honnêtement j'aurais Pas fait tout se caprice pour un tour de manège Un petit tour surLe bolid'
2%
Aucun quiz correspondant
Distribution des résultats
% des personnes avec chaque résultat
Percentile par nombre de réponses
Votre historique - résultats
Vous n’avez pas pris ce quiz